Banderas de las ciudades de Colombia - Estadísticas

Estadísticas generales
  • Esta prueba ha sido intentada 26 veces
  • La puntuación promedio es 11 de 32
Estadísticas de respuestas
Imagen Respuesta % Correcto
Bogotá, D. C.
100%
Cartagena
81%
Barranquilla
71%
Cúcuta
71%
Cali
67%
Medellín
67%
Pasto
57%
Pereira
52%
San Andrés
52%
Montería
48%
Popayán
43%
Valledupar
33%
Armenia
29%
Bucaramanga
29%
Manizales
29%
Neiva
29%
Quibdó
24%
Riohacha
24%
Ibagué
19%
Inirida
19%
Leticia
19%
Santa Marta
19%
Yopal
19%
Florencia
14%
San José del Guaviare
14%
Arauca
10%
Puerto Carreño
10%
Sincelejo
10%
Tunja
10%
Villavicencio
10%
Mitú
5%
Mocoa
5%
No se encontraron pruebas coincidentes
Distribución de puntuación
Porcentaje de gente con cada puntuación
Porcentaje por número respondido
Historial de tus puntuaciones
No has intentado esta prueba.